Structural behaviour of high strength self compacting concrete deep beams /
محفوظ في:
| المؤلف الرئيسي: | |
|---|---|
| التنسيق: | أطروحة كتاب |
| اللغة: | English |
| الموضوعات: | |
| الوصول للمادة أونلاين: | http://studentsrepo.um.edu.my/8833/ |
| الوسوم: |
إضافة وسم
لا توجد وسوم, كن أول من يضع وسما على هذه التسجيلة!
|
| LEADER | 01414cam a2200337 i 4500 | ||
|---|---|---|---|
| 001 | u876020 | ||
| 003 | SIRSI | ||
| 005 | 201303131633 | ||
| 008 | 130313s2012 my a t 000 0 eng m | ||
| 040 | |a UMM |d UMJ |d AUM |e rda | ||
| 090 | |a TA145 |b UMP 2012 Moh | ||
| 097 | |a TA145 |b UMP 2012 Moh | ||
| 100 | 1 | |a Mohammadhassani, Mohammad, |e author. | |
| 245 | 1 | 0 | |a Structural behaviour of high strength self compacting concrete deep beams / |c Mohammad Mohammadhassani. |
| 264 | |c 2012. | ||
| 264 | |c 2012. | ||
| 300 | |a xxv, 208 leaves : |b illustrations ; |c 30 cm. | ||
| 336 | |a text |2 rdacontent | ||
| 337 | |a unmediated |2 rdamedia | ||
| 338 | |a volume |2 rdacarrier | ||
| 502 | |b Ph.D |c Jabatan Kejuruteraan Awam, Fakulti Kejuruteraan, Universiti Malaya |d 2012. | ||
| 504 | |a Bibliography: leaves 189-208. | ||
| 650 | 0 | |a Concrete beams |x Testing. | |
| 650 | 0 | |a High strength concrete |x Testing. | |
| 710 | 2 | |a Universiti Malaya. |b Jabatan Kejuruteraan Awam, |e degree granting institution. | |
| 856 | 4 | 1 | |u http://studentsrepo.um.edu.my/8833/ |
| 900 | |a US-ZA | ||
| 596 | |a 1 7 25 | ||
| 999 | |a TA145 UMP 2012 MOH |w LC |c 1 |i A515559656 |d 6/1/2014 |f 6/1/2014 |g 1 |l STACKS |m P01UTAMA |r Y |s Y |t TESIS |u 24/12/2013 | ||
| 999 | |a TA145 UMP 2012 MOH |w LC |c 1 |i A516154737 |l STACKS |m P07JURUTER |r N |s Y |t TESIS |u 25/2/2015 | ||
| 999 | |a TA145 UMP 2012 MOH |w LC |c 1 |i A516154768 |d 25/2/2015 |f 25/2/2015 |g 1 |l STACKS |m P25UMARCHI |r N |s Y |t CD |u 25/2/2015 |o .STAFF. MST-CD3052 | ||
